书目信息 |
| 题名: |
热处理实践
|
|
| 作者: | ;《热处理实践》编写组 编 | |
| 分册: | ||
| 出版信息: | 北京 国防工业出版社 1973.10 |
|
| 页数: | 496页 | |
| 开本: | 19cm | |
| 丛书名: | 工人普及读物 | |
| 单 册: | ||
| 中图分类: | TG15 | |
| 科图分类: | ||
| 主题词: | 热处理 | |
| 电子资源: | ||
| ISBN: | ||
| 000 | 00645nam0 2200217 45 | |
| 001 | 0310170968 | |
| 005 | 20070918162400.98 | |
| 010 | @dCNY0.95 | |
| 091 | @a15034.1320 | |
| 100 | @a20031017d1973 km y0chiy0120 ea | |
| 101 | 0 | @achi |
| 200 | 1 | @a热处理实践@Are chu li shi jian@f《热处理实践》编写组编@F《re chu li shi jian》bian xie zu bian |
| 210 | @a北京@c国防工业出版社@d1973.10 | |
| 215 | @a496页@d19cm | |
| 225 | @a工人普及读物 | |
| 410 | @12001 @a工人普及读物 | |
| 606 | 0 | @a热处理 |
| 690 | @aTG15@v3 | |
| 711 | 0 | @a《热处理实践》编写组@A《re chu li shi jian》bian xie zu@4编 |
| 801 | @aCN@bTSTC@c20070918 | |
| 905 | @dTG15@e2@b16885@f1 | |
| 热处理实践/《热处理实践》编写组编.-北京:国防工业出版社,1973.10 |
| 496页;19cm.-(工人普及读物) |
| ISBN :CNY0.95 |
| ● |
| 相关链接 |
|
|
|
|
正题名:热处理实践
索取号:TG15/2
 
预约/预借
| 序号 | 登录号 | 条形码 | 馆藏地/架位号 | 状态 | 备注 |
| 1 | 0016879 | 202230255 | 密集书库/ [索取号:TG15/2] | 在馆 | |
| 2 | 0016885 | 001679071 | 密集书库/ [索取号:TG15/2] | 在馆 | |
| 3 | 0016886 | 202463654 | 密集书库/ [索取号:TG15/2] | 在馆 | |
| 4 | 0790870 | 207908709 | 密集书库/ [索取号:TG15/2] | 在馆 |